Ukrainian Currency Denominations - Statistics

General Stats
  • This quiz has been taken 22 times
  • The average score is 8 of 16
Answer Stats
Type Rarity Denomination % Correct
Banknote Rare ₴1
100%
Banknote Rare ₴2
100%
Banknote Rare ₴10
91%
Banknote Rare ₴5
91%
Banknote Common ₴20
82%
Banknote Common ₴100
73%
Banknote Common ₴50
73%
Banknote Common ₴200
64%
Banknote Common ₴500
45%
Banknote Common ₴1,000
36%
Coin Rare ₴0.10
27%
Coin Rare ₴0.50
9%
Coin Common ₴1
9%
Coin Common ₴10
9%
Coin Common ₴2
9%
Coin Common ₴5
9%
No matching quizzes found
Score Distribution
Percent of People with Each Score
Percentile by Number Answered
Your Score History
You have not taken this quiz